Supply chain management z jiného pohledu

Boj o pozície na trhu a o prežitie ako jeden z princípov ekonomickej teórie a praxe. Komplexný proces zahrňujúci dodávateľa - výrobcu - odberateľa označovaný ako supply chain. Príčiny vzniku nových podnikových sietí. Koordinácia výkonov v rámci siete. Budovanie siete na troch základných princípoch....

Ausführliche Beschreibung

Gespeichert in:
Bibliographische Detailangaben
1. Verfasser: Tomek, Gustav
Weitere Verfasser: Vávrová, Věra
Format: Buchkapitel
Sprache:Tschechisch
Schlagworte:
Tags: Tag hinzufügen
Keine Tags, Fügen Sie das erste Tag hinzu!

MARC

LEADER 00000naa$a2200000$$$4500
001 0037370
005 20231106122240.5
041 0 |a cze 
044 |a CZ 
245 1 0 |a Supply chain management z jiného pohledu  |c Gustav Tomek, Věra Vávrová 
520 |a Boj o pozície na trhu a o prežitie ako jeden z princípov ekonomickej teórie a praxe. Komplexný proces zahrňujúci dodávateľa - výrobcu - odberateľa označovaný ako supply chain. Príčiny vzniku nových podnikových sietí. Koordinácia výkonov v rámci siete. Budovanie siete na troch základných princípoch. Úlohy manažmentu v podnikových sietiach. 
610 2 0 |a reťazce dodávateľsko-odberateľské 
610 2 0 |a riadenie reťazcov dodávateľských 
610 2 0 |a stratégia podniková 
610 2 0 |a manažment 
610 2 0 |a inovácia 
610 2 0 |a špecializácia 
610 2 0 |a integrácia 
610 2 0 |a koordinácia 
610 2 0 |a výkonnosť 
610 2 0 |a efektívnosť 
100 1 |a Tomek, Gustav 
700 1 |a Vávrová, Věra